Statistiques concernant Formules stéroïdes pour PACES

Cliquez ici pour prendre le quiz!

Statistiques générales

  • Ce quiz a été pris 3 124 fois
  • Le résultat moyen est 8 sur 17

Statistiques - réponses

Réponse% Correct
Cholestérol
77%
Progestérone
77%
Oestrone
64%
Aldostérone
60%
Oestradiol
57%
Cortisol
54%
DHEA
53%
Testostérone
53%
11-Désoxy-Cortisol
49%
Pregnenolone
47%
Δ4-Androstènedione
45%
Corticostérone
45%
17-OH-Pregnenolone
42%
17-OH-Progestérone
31%
DOC
31%
18-OH-Corticostérone
27%
Cortisone
26%

Distribution des résultats

Percentile par nombre de réponses

% des personnes avec chaque résultat

Votre développement - résultats

Vous n’avez pas pris ce quiz